Inovatívne merania a porovnávania produktivity práce

Meranie produktivity práce, ktoré zohľadňuje viac ukazovateľov - výpočet viacfaktorovej produktivity práce. Hodnotenie produktivity pracovníka z hľadiska výkonu a kvality odvedeniej práce za časové obdobie.

Gespeichert in:
Bibliographische Detailangaben
1. Verfasser: Puchá, Nikoleta
Format: Buchkapitel
Sprache:Slowakisch
Schlagworte:
Tags: Tag hinzufügen
Keine Tags, Fügen Sie das erste Tag hinzu!

MARC

LEADER 00000naa a2200000 4500
001 0136114
005 20231116121748.0
041 0 |a slo 
044 |a SK 
245 1 0 |a Inovatívne merania a porovnávania produktivity práce  |c Nikoleta Puchá 
520 |a Meranie produktivity práce, ktoré zohľadňuje viac ukazovateľov - výpočet viacfaktorovej produktivity práce. Hodnotenie produktivity pracovníka z hľadiska výkonu a kvality odvedeniej práce za časové obdobie. 
610 2 0 |a produktivita práce 
610 2 0 |a meranie produktivity práce 
610 2 0 |a výkony pracovné 
610 2 0 |a faktory produktivity práce 
610 2 0 |a kvalita práce 
610 2 0 |a čas pracovný 
100 1 |a Puchá, Nikoleta